000 00690nam a2200169 4500
999 _c15950
_d15950
008 210125b ||||| |||| 00| 0 eng d
022 _a0732-8435
082 _aDPer 657.05 C33 Feb - Aug 2012, v. 82
100 _aFornaro, James M.
_942790
245 _aAccounting for troubled debt restructurings by debtors:
_bdeleveraging during turbulent times/
_cJames M. Fornaro, Cary D. Lange, and Rita J. Buttermilch.
260 _aNew York:
_bThe New York State Society of CPA,
_c2012.
300 _av82 n2, pages 17-25:
_bcolor illustration;
_c28 cm.
650 _aAccounting.
_942791
700 _aLange, C. D.
_eAuthor.
_942792
700 _aButtermilch, R. J.
_eAuthor.
_942793
942 _2ddc
_cPER